Continuum theories in solid earth physics /

Bibliographic Details
Other Authors: Teisseyre, R. (Roman), 1929-, Bielski, W.
Format: Book
Language:English
Published: Amsterdam ; New York : Warszawa : Elsevier ; PWN-Polish Scientific Publishers ; 1986.
Series:Physics and evolution of the Earth's interior ; 3.
Subjects:

MARC

Tag First Indicator Second Indicator Subfields
LEADER 00000cam a2200000 a 4500
001 in00000410079
005 20151012051903.0
008 850205s1986 ne a b 00100 eng
010 |a  85001635  
020 |a 0444995692 :  |c $90.00 (est.) 
035 |a (OCoLC)11755230 
035 |9 ABT8000AM 
039 0 |a 2  |b 3  |c 3  |d 3  |e 3 
040 |a DLC  |c DLC  |d OCL  |d TXA  |d UtOrBLW 
041 1 |a eng  |h pol 
049 |a TXAM  |c [A09294645] 
050 0 0 |a QE509  |b .C68 1986 
082 0 |a 551.1/1  |2 19 
245 0 0 |a Continuum theories in solid earth physics /  |c edited by R. Teisseyre ; contributors, W. Bielski [and others] ; [translated from the Polish by Anna Dziembowska [and others]]. 
264 1 |a Amsterdam ;  |a New York :  |b Elsevier ;  |a Warszawa :  |b PWN-Polish Scientific Publishers ;  |c 1986. 
264 2 |a New York :  |b [distributor] for the USA and Canada, Elsevier Science Pub. Co., 
300 |a xiii, 566 pages :  |b illustrations ;  |c 25 cm. 
336 |a text  |b txt  |2 rdacontent 
337 |a unmediated  |b n  |2 rdamedia 
338 |a volume  |b nc  |2 rdacarrier 
490 1 |a Physics and evolution of the Earth's interior ;  |v 3 
504 |a Includes bibliographies and index. 
651 0 |a Earth (Planet)  |x Internal structure. 
650 0 |a Continuum mechanics. 
650 0 |a Geophysics. 
650 0 |a Seismology. 
700 1 |a Teisseyre, R.  |q (Roman),  |d 1929- 
700 1 |a Bielski, W. 
830 0 |a Physics and evolution of the Earth's interior ;  |v 3. 
999 |a MARS 
999 f f |s 653e5af2-d31b-3c7e-b72a-b87d3c53b1b0  |i 82797995-9660-341b-8e7e-d179ac1214f6  |t 0 
952 f f |p ric  |a Texas A&M University  |b Rellis Campus  |c Joint Library Facility  |s JLF  |d Remote Storage  |t 0  |e QE509 .C68 1986  |h Library of Congress classification  |i unmediated -- volume  |m A14809294645 
998 f f |a QE509 .C68 1986  |t 0  |l Remote Storage